02431cam a22002537a 450000500170000000800410001702000150005804000290007304100080010204400070011008200170011711001010013424500840023524601690031926001150048830000560060350400420065952006770070152006360137865000340201465000300204865000380207871000610211620150922115149.0030602s2003 it ab b i100 0 eng d a9251049173 aFQGcFQGdDLCdCO-BoIAVH0 aspa ait04a631.58bC73b2 aCommission on Genetic Resources for Food and Agriculture.bRegular Sessionn(9th :cRome, Italy)10aBiodiversity and the ecosystem approach in agriculture, forestry and fisheries.1 aSatellite event on the occasion of the Ninth Regular Session of the Commission on Genetic Resources for Food and Agriculture, Rome, 12-13 October 2002 : proceedings aRoma (Italia) :bFAO Inter-Departmental Working Group on Biological Diversity for Food and Agriculture,c2003. av, 312 páginas :bilustraciones y mapas ;c30 cm. aIncluye referencias bibliográficas. aHay más de 500 millones de unidades de gestión agrícola en el mundo, mayoritariamente se encuentran en países en desarrollo. Trabajo de campo en curso de la FAO en más de 100.000 las comunidades rurales ha encontrado que todos esos administradores de fincas pueden entender sus granjas, campos, los bosques, los pastizales y la pesca como ecosistemas. Los agricultores, incluso en las regiones más pobres y con mayor inseguridad alimentaria del mundo, administrar genes por su decisión en las variedades de cultivos, manejo de especies por sus decisiones en los animales de granja y gestionar los ecosistemas por su decisión en la polinización del suelo. aLos agricultores, pescadores y habitantes de los bosques no sólo entienden y pueden aplicar enfoques ecosistémicos en su toma de decisiones, sino también a comprender el impacto potencial de las amenazas ambientales a gran escala para su subsistencia. Programas de biodiversidad de la FAO aplican enfoques ecosistémicos para estimular la educación a nivel comunitario y de aprendizaje experiencial por la población rural. Los mismos enfoques educar a los legisladores nacionales que deseen cumplir con los compromisos adquiridos en los tratados ambientales sin dejar de cumplir las demandas de producción agrícolas. 0aAgrobiodiversidadvCongresos. 0aBiodiversidadvCongresos. 0aEcología agrícolavCongresos.2 aFood and Agriculture Organization of the United Nations.